<?xml version="1.0" encoding="UTF-8"?>
<collection xmlns="http://www.loc.gov/MARC21/slim">
 <record>
  <leader>00709pamaa2200181   4500</leader>
  <controlfield tag="001">0000018760</controlfield>
  <controlfield tag="005">20051124090000.0</controlfield>
  <datafield tag="020" ind1="0" ind2="0">
   <subfield code="a">0395815320 </subfield>
  </datafield>
  <datafield tag="082" ind1=" " ind2=" ">
   <subfield code="a">305.800973 MAJ</subfield>
  </datafield>
  <datafield tag="090" ind1="0" ind2="0">
   <subfield code="a">JV6450 </subfield>
   <subfield code="b">MAJ</subfield>
  </datafield>
  <datafield tag="245" ind1="0" ind2="0">
   <subfield code="a">MAJOR problems in American immigration and ethnic history : </subfield>
   <subfield code="b">documents and essays  </subfield>
   <subfield code="c">edited by Jon Gjerde.</subfield>
  </datafield>
  <datafield tag="260" ind1="0" ind2="0">
   <subfield code="a">Boston: </subfield>
   <subfield code="b">Houghton Mifflin, </subfield>
   <subfield code="c">1998.</subfield>
  </datafield>
  <datafield tag="300" ind1=" " ind2=" ">
   <subfield code="a">xvii, 486p.: </subfield>
   <subfield code="b">24cm.</subfield>
  </datafield>
  <datafield tag="440" ind1="0" ind2="0">
   <subfield code="a">Major problems in American history series</subfield>
  </datafield>
  <datafield tag="650" ind1="0" ind2="0">
   <subfield code="a">Immigrants -- </subfield>
   <subfield code="x">History -- </subfield>
   <subfield code="x">Sources -- </subfield>
   <subfield code="z">United States </subfield>
  </datafield>
  <datafield tag="651" ind1="0" ind2="0">
   <subfield code="a">United States -- </subfield>
   <subfield code="x">Emigration and immigration -- </subfield>
   <subfield code="x">History -- </subfield>
   <subfield code="x">Sources </subfield>
  </datafield>
  <datafield tag="651" ind1="0" ind2="0">
   <subfield code="a">United States -- </subfield>
   <subfield code="x">Ethnic relations -- </subfield>
   <subfield code="x">History -- </subfield>
   <subfield code="x">Sources </subfield>
  </datafield>
  <datafield tag="700" ind1="1" ind2="1">
   <subfield code="a">GJERDE, </subfield>
   <subfield code="h">Jon </subfield>
  </datafield>
 </record>
</collection>
